|
|
|
|
| LEADER |
01006nab#a2200325#ar4500 |
| 001 |
000049113 |
| 003 |
SVKKK |
| 005 |
20040804112349.0 |
| 008 |
040804c2003 xo e slo |
| FMT |
|
|
|
| 038 |
|
|
|a SVKKK
|
| 040 |
|
|
|a SVKKK
|b slo
|e AACR2
|
| 041 |
0 |
|
|a slo
|
| 044 |
|
|
|a xo
|c SK
|
| 080 |
|
|
|a 796.966
|2 1997
|
| 100 |
1 |
|
|a Tóth, Tomáš
|4 aut
|
| 245 |
1 |
0 |
|a Budú zu "Zubárov" nakoniec Nóri? :
|b hokejové dvojčatá Peter a Pavol Zůbekovci sa už tešia na pláže vo Fredrikstade
|c Tomáš Tóth ; Pavol Zůbek
|
| 300 |
|
|
|b Fotogr.
|
| 600 |
1 |
4 |
|a Zůbek, Pavol,
|x hokejista
|z Košice (Slovensko)
|x rodák
|d 1970-,
|z Nórsko
|x pôsobenie
|
| 600 |
1 |
4 |
|a Zůbek, Peter,
|x hokejista
|z Košice (Slovensko)
|x rodák
|d 1970-,
|z Nórsko
|x pôsobenie
|
| 650 |
0 |
4 |
|a hokej ľadový
|
| 700 |
1 |
|
|a Zůbek, Pavol
|4 ive
|
| 773 |
0 |
|
|t Košický večer
|g Roč. 14 (35), č. 145 (30.7.2003), s. 12
|
| 957 |
|
|
|a 802
|
| 958 |
|
|
|a K1
|
| 974 |
|
|
|a MI
|
| 992 |
|
|
|a RBX
|
| BAS |
|
|
|
| 852 |
|
|
|a SVKKK
|b BIB
|
| 998 |
|
|
|a REG
|